Chiamalo x! [electronic resource] : ovvero Cosa fanno i matematici? / by Emiliano Cristiani.
Record details
- ISBN: 9788847010918
- Physical Description: XIV, 160pagg. online resource.
- Publisher: Milano : Springer Milan, 2009.
Search for related items by subject
| Subject: | Science (General). Mathematics. Popular Science. Popular Science in Mathematics/Computer Science/Natural Science/Technology. Science, general. Mathematics, general. |
Search for related items by series
Electronic resources
| LDR | 01510nam a22004215i 4500 | ||
|---|---|---|---|
| 001 | 28875 | ||
| 003 | CONS | ||
| 005 | 20131220174908.0 | ||
| 007 | cr nn 008mamaa | ||
| 008 | 100301s2009 it | s |||| 0|ita d | ||
| 020 | . | ‡a9788847010918 ‡9978-88-470-1091-8 | |
| 024 | 7 | . | ‡a10.1007/978-88-470-1091-8 ‡2doi |
| 035 | . | ‡a(DE-He213)978-88-470-1091-8 | |
| 050 | 4. | ‡aQ162 | |
| 072 | 7. | ‡aPDZ ‡2bicssc | |
| 072 | 7. | ‡aPD ‡2bicssc | |
| 072 | 7. | ‡aMAT000000 ‡2bisacsh | |
| 072 | 7. | ‡aCOM000000 ‡2bisacsh | |
| 100 | 1 | . | ‡aCristiani, Emiliano. ‡eauthor. |
| 245 | 1 | 0. | ‡aChiamalo x! ‡h[electronic resource] : ‡bovvero Cosa fanno i matematici? / ‡cby Emiliano Cristiani. |
| 264 | 1. | ‡aMilano : ‡bSpringer Milan, ‡c2009. | |
| 300 | . | ‡aXIV, 160pagg. ‡bonline resource. | |
| 336 | . | ‡atext ‡btxt ‡2rdacontent | |
| 337 | . | ‡acomputer ‡bc ‡2rdamedia | |
| 338 | . | ‡aonline resource ‡bcr ‡2rdacarrier | |
| 347 | . | ‡atext file ‡bPDF ‡2rda | |
| 490 | 1 | . | ‡aI blu, pagine di scienza |
| 650 | 0. | ‡aScience (General). | |
| 650 | 0. | ‡aMathematics. | |
| 650 | 1 | 4. | ‡aPopular Science. |
| 650 | 2 | 4. | ‡aPopular Science in Mathematics/Computer Science/Natural Science/Technology. |
| 650 | 2 | 4. | ‡aScience, general. |
| 650 | 2 | 4. | ‡aMathematics, general. |
| 710 | 2 | . | ‡aSpringerLink (Online service) |
| 773 | 0 | . | ‡tSpringer eBooks |
| 776 | 0 | 8. | ‡iPrinted edition: ‡z9788847010901 |
| 830 | 0. | ‡aI blu, pagine di scienza | |
| 856 | 4 | 0. | ‡uhttp://biblioteca.ipicyt.edu.mx:2048/login?url=http://dx.doi.org/10.1007/978-88-470-1091-8 ‡yTexto completo ‡9CONS |
| 950 | . | ‡aHumanities, Social Sciences and Law (Springer-11648) | |
| 901 | . | ‡a28875 ‡b ‡c28875 ‡tbiblio ‡sSystem Local | |